Makroekonomie moderní přístup

Bibliographic Details
Main Author: Soukup, Jindřich, 1955- (Author)
Format: Book
Language:Czech
PhysicalDescription:514 s. ilustr. 25 cm
Published: Praha Management Press 2008
ISBN:9788072611744 (viaz.)
Edition:1. vyd., (dotisk)
Subjects:

MARC

LEADER 00000cam a2200000 a 4500
001 vtls009462455
003 SK-MaSNL
005 20260301193040.0
008 090119s2008 xr a d p 001 0 cze
020 |a 9788072611744 (viaz.) 
040 |a SNK  |b slo  |c SNK  |e AACR2 
041 0 |a cze 
044 |a xr  |c CZ 
072 7 |a 33  |x Ekonómia  |2 konspekt 
080 |a 330.101.541  |2 2001 
080 |a (075.8)  |2 2001 
245 0 0 |a Makroekonomie  |b moderní přístup  |c Jindřich Soukup ... [et al.] 
246 3 |a Makroekonomie - moderní přístup 
250 |a 1. vyd., (dotisk) 
260 |a Praha  |b Management Press  |c 2008 
300 |a 514 s.  |b ilustr.  |c 25 cm 
650 0 7 |a makroekonómia  |2 SNKPH  |9 2298 
650 0 7 |a Macroeconomics  |2 SNKPHeng  |9 311660 
655 7 |a učebnice vysokých škôl  |2 SNKPH  |9 70191 
655 7 |a Textbooks (higher)  |2 SNKPHeng  |9 276436 
700 1 |a Soukup, Jindřich,  |d 1955-  |4 aut  |9 121479 
919 |a 978-80-7261-174-4 
999 |c 875855  |d 877785 
952 |t snkMAK 33  |a SNKUST  |b SNKUST  |y PREZ  |7 0  |p 17A0570720  |o snkIC 138240  |i snk2009/19623  |8 3  |g 24.26  |0 0  |1 0  |4 0  |d 2010-01-13  |l 0  |r 2025-04-29 00:00:00  |w 2026-02-24